IFM Opac

E-business and E-commerce management (Record no. 11603)

MARC details
000 -LEADER
fixed length control field 00514nam a2200169Ia 4500
008 - FIXED-LENGTH DATA ELEMENTS--GENERAL INFORMATION
fixed length control field 150509s9999 xx 000 0 und d
020 ## - INTERNATIONAL STANDARD BOOK NUMBER
International Standard Book Number 0273683780
082 ## - DEWEY DECIMAL CLASSIFICATION NUMBER
Classification number 658.872 CHA
100 ## - MAIN ENTRY--PERSONAL NAME
Personal name Chaffey,Dave
245 ## - TITLE STATEMENT
Title E-business and E-commerce management
260 ## - PUBLICATION, DISTRIBUTION, ETC.
Place of publication, distribution, etc. Harlow:
260 ## - PUBLICATION, DISTRIBUTION, ETC.
Name of publisher, distributor, etc. Prentice Hall
260 ## - PUBLICATION, DISTRIBUTION, ETC.
Date of publication, distribution, etc. 2004
300 ## - PHYSICAL DESCRIPTION
Extent xxvi, 589p.:ill.;25cm.
500 ## - GENERAL NOTE
General note Includes bibliographical references and index
650 ## - SUBJECT ADDED ENTRY--TOPICAL TERM
Topical term or geographic name entry element Electronic businessElectronic commerceBusiness entreprises-computer networks

No items available.